| 000 | 00743nam a22002177a 4500 | ||
|---|---|---|---|
| 003 | OSt | ||
| 005 | 20250813053825.0 | ||
| 008 | 240627b |||||||| |||| 00| 0 eng d | ||
| 020 | _a9780670785933 | ||
| 040 |
_aDWCL- Main Lib. _cOC |
||
| 082 | _aCirc. 616.852 V228b 2017 | ||
| 100 | _aVan Der Kolk, Bessel | ||
| 245 |
_aThe body keeps the score : _bbrain, mind, and body in the healing of trauma/ _cBessel Van Der Kolk |
||
| 260 |
_aNew York: _bPenguin Random House, _cc2014. |
||
| 300 |
_a425 pages : _billustrations ; _c21cm. |
||
| 504 | _aIncludes index. | ||
| 650 | _a1. Psychic trauma --- Treatment. | ||
| 650 | _a 2.Post-traumatic stress disorder --- Treatment. | ||
| 650 | _a3.Mind and body. | ||
| 942 |
_2ddc _cBK-CIRC _kCirc. _n0 |
||
| 999 |
_c1448 _d1448 |
||